Kluby mazowieckie, Ekstraklasa, I, II, III liga - Statystyki

Ogólne statystyki
  • Ten quiz został rozwiązany 56 razy
  • Średni wynik to 9 z 14
Statystyki odpowiedzi
Liga Klub % Poprawnych
Ekstraklasa Legia Warszawa
100%
Ekstraklasa Radomiak Radom
98%
Ekstraklasa Wisła Płock
96%
I liga Polonia Warszawa
88%
I liga Znicz Pruszków
80%
I liga Pogoń Grodzisk Mazowiecki
78%
I liga Pogoń Siedlce
73%
III liga Legia Warszawa II
65%
III liga Wisła Płock II
53%
III liga Broń Radom
51%
III liga Mławianka Mława
33%
III liga Ząbkovia Ząbki
31%
III liga Świt Nowy Dwór Mazowiecki
27%
III liga KS CK Troszyn
10%
Nie znaleziono quizów pasujących do podanych kryteriów
Rozkład punktacji
Procent ludzi z każdym wynikiem
Percentyl według liczby udzielonych odpowiedzi
Twoja historia wyników
Nie rozwiązałeś tego quizu